[Event "UKR-chT final A 16th"]
[Site "Alushta"]
[Date "2009.05.27"]
[Round "2"]
[White "Shkuro, Iuri"]
[Black "Vovk, Yuri"]
[Result "0-1"]
[WhiteElo "2546"]
[BlackElo "2575"]
[PlyCount "76"]
[EventDate "2009.05.26"]
[EventType "team-k.o."]
[EventRounds "3"]
[EventCountry "UKR"]
[SourceTitle "EXT 2019"]
[Source "ChessBase"]
[SourceDate "2018.10.10"]
[SourceVersion "1"]
[SourceVersionDate "2018.10.10"]
[SourceQuality "1"]
[WhiteTeam "Rivne Bisons"]
[BlackTeam "Lwiw region Western Resource"]
[WhiteTeamCountry "UKR"]
[BlackTeamCountry "UKR"]

1. e4 c5 2. Nc3 Nc6 3. Bb5 Nd4 4. Bc4 e6 5. Nge2 Nf6 6. 0-0 a6 7. d3 b5 8. Bb3 Nxb3 9. axb3 Bb7 10. Bg5 Be7 11. f4 h6 12. Bh4 g5 13. fxg5 Ng4 14. Qd2 Nxh2 15. Qf4 Nxf1 16. Rxf1 Rf8 17. g6 fxg6 18. Qxh6 Rxf1+ 19. Kxf1 Bxh4 20. Qh8+ Kf7 21. Qh7+ Kf6 22. Qxh4+ Kg7 23. Qg3 Qf6+ 24. Ke1 e5 25. Ng1 d6 26. Nce2 Bc8 27. Nf3 Be6 28. Kd2 Rh8 29. b4 cxb4 30. b3 Rc8 31. d4 Re8 32. Ng5 Bd7 33. d5 a5 34. Qe3 a4 35. Nf3 Ra8 36. Nc1 a3 37. Na2 Bg4 38. Ne1 Qf1 0-1

[Event "UKR-chT final A 16th"]
[Site "Alushta"]
[Date "2009.05.26"]
[Round "1"]
[White "Onischuk, Alexander"]
[Black "Shkuro, Iuri"]
[Result "1-0"]
[WhiteElo "2684"]
[BlackElo "2546"]
[PlyCount "69"]
[EventDate "2009.05.26"]
[EventType "team-k.o."]
[EventRounds "3"]
[EventCountry "UKR"]
[SourceTitle "EXT 2019"]
[Source "ChessBase"]
[SourceDate "2018.10.10"]
[SourceVersion "1"]
[SourceVersionDate "2018.10.10"]
[SourceQuality "1"]
[WhiteTeam "Kiev Kievchess"]
[BlackTeam "Rivne Bisons"]
[WhiteTeamCountry "UKR"]
[BlackTeamCountry "UKR"]

1. d4 Nc6 2. d5 Ne5 3. f4 Ng6 4. Nf3 e6 5. dxe6 fxe6 6. e4 Bc5 7. Bd3 Nh6 8. Qe2 0-0 9. g3 a6 10. Nc3 b5 11. e5 Bb7 12. Ne4 Bb6 13. Bd2 Nf5 14. 0-0-0 h6 15. Rhf1 c5 16. Nd6 Bd5 17. c4 bxc4 18. Nxc4 Nfe7 19. h4 Nf5 20. Rg1 Nge7 21. g4 Nd4 22. Nxd4 cxd4 23. Rgf1 Rb8 24. Kb1 Bc5 25. f5 Nc6 26. g5 exf5 27. gxh6 Qxh4 28. hxg7 Rf7 29. Nd6 Bxd6 30. exd6 Be4 31. Rf4 Bxd3+ 32. Qxd3 Qf6 33. Rh1 Rxg7 34. Rxf5 Qe6 35. Qh3 1-0

[Event "UKR-chT qual. group 2 16th"]
[Site "Alushta"]
[Date "2009.05.25"]
[Round "5"]
[White "Stoockalov, Vladimir L"]
[Black "Shkuro, Iuri"]
[Result "1/2-1/2"]
[WhiteElo "2282"]
[BlackElo "2546"]
[PlyCount "48"]
[EventDate "2009.05.21"]
[EventType "team-tourn"]
[EventRounds "5"]
[EventCountry "UKR"]
[SourceTitle "EXT 2019"]
[Source "ChessBase"]
[SourceDate "2018.10.10"]
[SourceVersion "1"]
[SourceVersionDate "2018.10.10"]
[SourceQuality "1"]
[WhiteTeam "Pavlograd Tura"]
[BlackTeam "Rivne Bisons"]
[WhiteTeamCountry "UKR"]
[BlackTeamCountry "UKR"]

1. e4 Nc6 2. d4 d5 3. Nc3 Nf6 4. e5 Nd7 5. g3 Nb6 6. Bg2 Bf5 7. a3 Qd7 8. h3 0-0-0 9. Nge2 f6 10. g4 Bg6 11. exf6 gxf6 12. 0-0 e5 13. dxe5 fxe5 14. Bg5 Be7 15. Bxe7 Qxe7 16. Ng3 e4 17. f4 h5 18. g5 h4 19. Qg4+ Kb8 20. f5 Ne5 21. Qf4 Rdf8 22. Ncxe4 hxg3 23. Nf6 Be8 24. Rae1 Qc5+ 1/2-1/2

[Event "UKR-chT qual. group 2 16th"]
[Site "Alushta"]
[Date "2009.05.23"]
[Round "3"]
[White "Korobov, Anton"]
[Black "Shkuro, Iuri"]
[Result "1-0"]
[WhiteElo "2616"]
[BlackElo "2546"]
[PlyCount "117"]
[EventDate "2009.05.21"]
[EventType "team-tourn"]
[EventRounds "5"]
[EventCountry "UKR"]
[SourceTitle "EXT 2019"]
[Source "ChessBase"]
[SourceDate "2018.10.10"]
[SourceVersion "1"]
[SourceVersionDate "2018.10.10"]
[SourceQuality "1"]
[WhiteTeam "Kharkov Law Academy"]
[BlackTeam "Rivne Bisons"]
[WhiteTeamCountry "UKR"]
[BlackTeamCountry "UKR"]

1. d4 Nc6 2. d5 Ne5 3. e4 e6 4. dxe6 dxe6 5. Qxd8+ Kxd8 6. Nc3 a6 7. f4 Ng6 8. Be3 Nf6 9. 0-0-0+ Ke8 10. h3 Bb4 11. Nge2 b5 12. a3 Be7 13. e5 Nd7 14. g3 Bb7 15. Rh2 h5 16. Bg2 Bxg2 17. Rxg2 h4 18. g4 Rd8 19. Ne4 Nb6 20. Rf1 Nd5 21. Bg1 Kd7 22. Nc5+ Bxc5 23. Bxc5 Kc6 24. Bg1 Kb7 25. Rgf2 c5 26. Rf3 Kc6 27. b3 Rd7 28. Bh2 Re8 29. Kb2 a5 30. Bg1 Ra8 31. Rc1 b4 32. Ra1 Nb6 33. Be3 Raa7 34. axb4 axb4 35. Rxa7 Rxa7 36. Rf1 Nd5 37. Bd2 Nb6 38. Nc1 Nd5 39. Nd3 Nge7 40. f5 exf5 41. gxf5 f6 42. Rf3 Nc8 43. Be1 Ncb6 44. e6 Kb5 45. Nf4 Nxf4 46. Rxf4 c4 47. Bf2 c3+ 48. Kb1 Rb7 49. Rxh4 Nd5 50. Rc4 Ne7 51. Bc5 Nd5 52. Bd6 Ka6 53. Rd4 Rb5 54. e7 Nxe7 55. Bxe7 Rxf5 56. Bxb4 Rf1+ 57. Ka2 Rf2 58. Bxc3 Rxc2+ 59. Bb2 1-0

[Event "Yuzhny op"]
[Site "Yuzhny"]
[Date "2008.09.24"]
[Round "8"]
[White "Shkuro, Iuri"]
[Black "Solodovnichenko, Yuri"]
[Result "1/2-1/2"]
[WhiteElo "2428"]
[BlackElo "2541"]
[PlyCount "41"]
[EventDate "2008.09.20"]
[EventType "swiss"]
[EventRounds "9"]
[EventCountry "UKR"]
[SourceTitle "CBM 126 Extra"]
[Source "ChessBase"]
[SourceDate "2008.11.05"]
[SourceVersion "1"]
[SourceVersionDate "2008.11.05"]
[SourceQuality "1"]

1. e4 c5 2. Nf3 e6 3. d3 Nc6 4. g3 g6 5. Bg2 Bg7 6. 0-0 Nge7 7. Re1 d6 8. c3 e5 9. a3 0-0 10. b4 a6 11. Nbd2 h6 12. Rb1 cxb4 13. axb4 d5 14. exd5 Nxd5 15. Bb2 Re8 16. Ba1 Bf5 17. Ne4 b6 18. b5 axb5 19. Rxb5 Ra5 20. Rxa5 Nxa5 21. Qb1 1/2-1/2

[Event "Yuzhny op"]
[Site "Yuzhny"]
[Date "2008.09.22"]
[Round "4"]
[White "Sharapov, Evgeny"]
[Black "Shkuro, Iuri"]
[Result "1/2-1/2"]
[WhiteElo "2431"]
[BlackElo "2428"]
[PlyCount "20"]
[EventDate "2008.09.20"]
[EventType "swiss"]
[EventRounds "9"]
[EventCountry "UKR"]
[SourceTitle "CBM 126 Extra"]
[Source "ChessBase"]
[SourceDate "2008.11.05"]
[SourceVersion "1"]
[SourceVersionDate "2008.11.05"]
[SourceQuality "1"]

1. e4 Nc6 2. d4 d5 3. Nc3 Nf6 4. e5 Nd7 5. Nxd5 Ndb8 6. Ne3 Qxd4 7. Qxd4 Nxd4 8. Bd2 Nbc6 9. 0-0-0 Be6 10. f4 0-0-0 1/2-1/2

[Event "Yuzhny op"]
[Site "Yuzhny"]
[Date "2008.09.21"]
[Round "2"]
[White "Kurayan, Ruslan"]
[Black "Shkuro, Iuri"]
[Result "1/2-1/2"]
[WhiteElo "2155"]
[BlackElo "2428"]
[PlyCount "58"]
[EventDate "2008.09.20"]
[EventType "swiss"]
[EventRounds "9"]
[EventCountry "UKR"]
[SourceTitle "CBM 126 Extra"]
[Source "ChessBase"]
[SourceDate "2008.11.05"]
[SourceVersion "1"]
[SourceVersionDate "2008.11.05"]
[SourceQuality "1"]

1. c4 b6 2. Nc3 Bb7 3. e3 e6 4. Nf3 f5 5. b3 Nf6 6. Bb2 Be7 7. Bd3 0-0 8. Qe2 Ne4 9. Bc2 Na6 10. d3 Nxc3 11. Bxc3 Bf6 12. Qd2 c5 13. d4 Qe7 14. Rd1 d5 15. cxd5 Bxd5 16. Qe2 cxd4 17. Bxd4 Qb4+ 18. Kf1 Nc5 19. Bxf6 Rxf6 20. Ne1 Rc8 21. f3 a5 22. Kf2 Qh4+ 23. g3 Qh3 24. Rd4 g5 25. Qb5 g4 26. Qxb6 Rff8 27. Rxd5 exd5 28. Qxa5 gxf3 29. Nxf3 Ne4+ 1/2-1/2

[Event "UKR-chT 15th"]
[Site "Alushta"]
[Date "2008.05.28"]
[Round "9.2"]
[White "Shkuro, Iuri"]
[Black "Moiseenko, Alexander"]
[Result "0-1"]
[WhiteElo "2415"]
[BlackElo "2650"]
[PlyCount "86"]
[EventDate "2008.05.21"]
[EventType "team-tourn"]
[EventRounds "9"]
[EventCountry "UKR"]
[SourceTitle "EXT 2019"]
[Source "ChessBase"]
[SourceDate "2018.10.10"]
[SourceVersion "1"]
[SourceVersionDate "2018.10.10"]
[SourceQuality "1"]
[WhiteTeam "Rivne Bisons"]
[BlackTeam "Kharkov Law Academy"]
[WhiteTeamCountry "UKR"]
[BlackTeamCountry "UKR"]

1. b3 e5 2. Bb2 Nc6 3. e3 Nf6 4. Bb5 Bd6 5. Nf3 e4 6. Nh4 0-0 7. f4 exf3 8. Nxf3 Re8 9. Nc3 Ne5 10. 0-0 c6 11. Bd3 Nxd3 12. cxd3 Bc7 13. Ne2 d5 14. Qc2 Bg4 15. Ned4 Qd6 16. a4 Rac8 17. Ba3 Qd7 18. b4 Bb8 19. Rac1 Qd6 20. Qc5 Qc7 21. Rf2 Bh5 22. h3 Bg6 23. Qc3 Nd7 24. Bb2 f6 25. Ne2 Ne5 26. Nf4 Nxf3+ 27. Rxf3 Qd7 28. Qb3 Bf7 29. Bd4 b6 30. Qb2 Qe7 31. Bc3 c5 32. Rcf1 d4 33. exd4 cxb4 34. Bxb4 Qd7 35. d5 Qxa4 36. Bc3 Be5 37. Ra1 Qd7 38. Qa3 a5 39. Rb1 Bxd5 40. Rf2 Bxf4 41. Rxf4 Re2 42. Rg4 h5 43. Rg3 Qc7 0-1